[Event "Titled Tuesday intern op 21st Jan Late"]
[Site "Chess.com INT"]
[Date "2025.01.21"]
[Round "8"]
[White "Kanyamarala, Trisha"]
[Black "Sabatier, Mathis"]
[Result "1-0"]
[WhiteElo "2158"]
[BlackElo "2211"]
[PlyCount "117"]
[EventDate "2025.01.21"]
[EventType "swiss (blitz)"]
[EventRounds "11"]
[EventCountry "USA"]
[SourceTitle "CB05_2025"]
[SourceDate "2025.01.29"]
[SourceVersion "1"]
[SourceVersionDate "2025.01.29"]
[SourceQuality "1"]

1. c4 c5 2. Nc3 Nc6 3. g3 g6 4. Bg2 Bg7 5. Nf3 e5 6. 0-0 Nge7 7. d3 0-0 8. a3 d6 9. Rb1 a5 10. Ne1 Be6 11. Nc2 d5 12. cxd5 Nxd5 13. Ne4 Qe7 14. Ne3 Rad8 15. Nxd5 Bxd5 16. Bg5 f6 17. Be3 b6 18. Qa4 Nd4 19. Rfe1 h6 20. Nc3 Bxg2 21. Kxg2 f5 22. Bxd4 exd4 23. Qc4+ Kh8 24. Nd1 f4 25. f3 fxg3 26. hxg3 Qg5 27. Nf2 Rde8 28. Qc1 Qxc1 29. Rbxc1 h5 30. Ne4 Bh6 31. Rb1 Kg7 32. b4 axb4 33. axb4 Rxe4 34. dxe4 Bd2 35. Red1 Bxb4 36. Rxb4 cxb4 37. Rxd4 Rb8 38. Rxb4 Kf6 39. f4 b5 40. Kf3 Ke6 41. Ke3 Kd6 42. Kd4 Kc6 43. e5 Rd8+ 44. Ke4 Kc5 45. Rb2 b4 46. e6 Kc4 47. Ke5 Kc3 48. Rb1 b3 49. e7 Ra8 50. Ke6 Kc2 51. Rxb3 Kxb3 52. Kf7 Kc4 53. e4 Kd4 54. e5 Kd5 55. e8Q Rxe8 56. Kxe8 Ke6 57. Kf8 g5 58. fxg5 Kxe5 59. g6 1-0

[Event "Titled Tuesday intern op 21st Jan Late"]
[Site "Chess.com INT"]
[Date "2025.01.21"]
[Round "11"]
[White "Novikov, Evgenij"]
[Black "Sabatier, Mathis"]
[Result "1-0"]
[WhiteElo "2276"]
[BlackElo "2211"]
[PlyCount "79"]
[EventDate "2025.01.21"]
[EventType "swiss (blitz)"]
[EventRounds "11"]
[EventCountry "USA"]
[SourceTitle "CB05_2025"]
[SourceDate "2025.01.29"]
[SourceVersion "1"]
[SourceVersionDate "2025.01.29"]
[SourceQuality "1"]

1. e4 e5 2. Nf3 Nc6 3. d4 exd4 4. Nxd4 Qf6 5. Be3 Bc5 6. c3 Qg6 7. Nd2 Nf6 8. Qf3 d6 9. Nxc6 Bxe3 10. Qxe3 bxc6 11. 0-0-0 0-0 12. f3 d5 13. Bd3 dxe4 14. Nxe4 Nd5 15. Qg5 Qxg5+ 16. Nxg5 h6 17. Ne4 Nf4 18. g3 Nxd3+ 19. Rxd3 Be6 20. Nc5 Bf5 21. Re3 Rab8 22. g4 Bc8 23. Rhe1 Rb5 24. b4 a5 25. a3 axb4 26. cxb4 f5 27. gxf5 Bxf5 28. Re8 Rb8 29. R8e7 Ra8 30. Kb2 Rad8 31. Kc3 Ra8 32. a4 Bh3 33. R1e3 Bg2 34. Rxc7 Bxf3 35. Ree7 Rf5 36. Rxg7+ Kh8 37. Rh7+ Kg8 38. Rcg7+ Kf8 39. Ne6+ Ke8 40. Re7# 1-0

[Event "Titled Tuesday intern op 21st Jan Late"]
[Site "Chess.com INT"]
[Date "2025.01.21"]
[Round "4"]
[White "Sabatier, Mathis"]
[Black "Mrozowski, Patryk"]
[Result "0-1"]
[WhiteElo "2211"]
[BlackElo "2219"]
[PlyCount "84"]
[EventDate "2025.01.21"]
[EventType "swiss (blitz)"]
[EventRounds "11"]
[EventCountry "USA"]
[SourceTitle "CB05_2025"]
[SourceDate "2025.01.29"]
[SourceVersion "1"]
[SourceVersionDate "2025.01.29"]
[SourceQuality "1"]

1. e4 c5 2. Nf3 e6 3. c3 d5 4. exd5 exd5 5. d4 Nf6 6. Be2 Bd6 7. dxc5 Bxc5 8. 0-0 0-0 9. Nbd2 Bf5 10. Nb3 Bb6 11. Nbd4 Bg6 12. Ne5 Re8 13. Nxg6 hxg6 14. Bf3 Nc6 15. Nxc6 bxc6 16. Qa4 Qd6 17. Bf4 Qd7 18. Rae1 Re6 19. c4 Rae8 20. Rxe6 Qxe6 21. cxd5 cxd5 22. h3 Ne4 23. Bxe4 Qxe4 24. Qc6 Re6 25. Qc8+ Kh7 26. Bg3 Qd3 27. Qb8 Rf6 28. Qe5 Rf5 29. Qd6 Qe2 30. Qb4 Qd3 31. Qh4+ Rh5 32. Qf4 Bd4 33. b3 Rf5 34. Qh4+ Rh5 35. Qf4 Be5 36. Qxf7 Rf5 37. Qe6 Bxg3 38. fxg3 Qxf1+ 39. Kh2 Qd3 40. Qe7 Qe4 41. Qh4+ Qxh4 42. gxh4 d4 0-1

[Event "Titled Tuesday intern op 07th Jan Early"]
[Site "Chess.com INT"]
[Date "2025.01.07"]
[Round "11"]
[White "Sabatier, Mathis"]
[Black "Fabris, Alberto"]
[Result "1/2-1/2"]
[WhiteElo "2211"]
[BlackElo "2230"]
[PlyCount "111"]
[EventDate "2025.01.07"]
[EventType "swiss (blitz)"]
[EventRounds "11"]
[EventCountry "USA"]
[SourceTitle "CB03_2025"]
[SourceDate "2025.01.15"]
[SourceVersion "1"]
[SourceVersionDate "2025.01.15"]
[SourceQuality "1"]

1. d4 Nf6 2. Nf3 e6 3. g3 b6 4. Bg2 Bb7 5. 0-0 Be7 6. c4 0-0 7. Nc3 Ne4 8. Nxe4 Bxe4 9. Bf4 d6 10. d5 e5 11. Be3 Nd7 12. Nd2 Bxg2 13. Kxg2 f5 14. f4 Bf6 15. Nf3 e4 16. Nd4 Bxd4 17. Bxd4 Nf6 18. e3 Qe8 19. h3 Qh5 20. Qxh5 Nxh5 21. g4 fxg4 22. hxg4 Nf6 23. g5 Nd7 24. Rh1 Nc5 25. Rh4 g6 26. Rah1 Rf7 27. Rf1 a5 28. Bf6 Nd7 29. f5 Nxf6 30. fxg6 hxg6 31. gxf6 Raf8 32. Rfh1 Rxf6 33. Rh8+ Kf7 34. R1h7+ Ke8 35. Rxf8+ Rxf8 36. Rxc7 Rf3 37. Rc6 Kd7 38. Rxb6 Rxe3 39. Rb7+ Kc8 40. Ra7 Re2+ 41. Kf1 Rxb2 42. Rxa5 Rc2 43. Ra8+ Kb7 44. Rg8 Rxc4 45. Rxg6 Kc7 46. Ke2 Rc2+ 47. Ke3 Rxa2 48. Kxe4 Ra4+ 49. Kf5 Ra1 50. Rg7+ Kb6 51. Ke6 Kc5 52. Rc7+ Kd4 53. Kxd6 Ra5 54. Ke6 Rxd5 55. Rd7 Rxd7 56. Kxd7 1/2-1/2

[Event "Titled Tuesday intern op 07th Jan Early"]
[Site "Chess.com INT"]
[Date "2025.01.07"]
[Round "7"]
[White "Sabatier, Mathis"]
[Black "Thipsay, Bagyashree Sathe"]
[Result "1-0"]
[WhiteElo "2211"]
[BlackElo "2075"]
[PlyCount "111"]
[EventDate "2025.01.07"]
[EventType "swiss (blitz)"]
[EventRounds "11"]
[EventCountry "USA"]
[SourceTitle "CB03_2025"]
[SourceDate "2025.01.15"]
[SourceVersion "1"]
[SourceVersionDate "2025.01.15"]
[SourceQuality "1"]

1. d4 d5 2. c4 e6 3. Nc3 c5 4. cxd5 exd5 5. Nf3 Nc6 6. g3 Nf6 7. Bg2 Be7 8. 0-0 0-0 9. dxc5 Bxc5 10. Bg5 d4 11. Bxf6 Qxf6 12. Ne4 Qe7 13. Nxc5 Qxc5 14. Rc1 Qb6 15. Qd2 Re8 16. Rfd1 Bf5 17. b3 Rad8 18. Qf4 Bg6 19. Qd2 h6 20. Qb2 d3 21. exd3 Rxd3 22. Rxd3 Bxd3 23. Re1 Rxe1+ 24. Nxe1 Bg6 25. Nf3 Qc5 26. h4 a5 27. Qd2 Be4 28. Ne1 Bxg2 29. Nxg2 Nd4 30. Qe3 Ne6 31. Qxc5 Nxc5 32. Ne3 Nd3 33. Nc4 Nc1 34. Nxa5 b6 35. Nc4 b5 36. Na3 b4 37. Nc2 Nxa2 38. Kg2 Nc1 39. Nxb4 Nxb3 40. Kf3 Nd4+ 41. Ke4 Ne6 42. Nd5 Kf8 43. f4 g6 44. g4 Kg7 45. f5 gxf5+ 46. Kxf5 Nd4+ 47. Ke4 Nc6 48. Nf4 Ne7 49. Nh5+ Kg6 50. Nf4+ Kg7 51. Ke5 Ng6+ 52. Nxg6 fxg6 53. Ke6 g5 54. h5 Kg8 55. Kf6 Kh7 56. Kf7 1-0

[Event "Titled Tuesday intern op 13th Aug Early"]
[Site "Chess.com INT"]
[Date "2024.08.13"]
[Round "1"]
[White "Hansen, Sune Berg"]
[Black "Sabatier, Mathis"]
[Result "1-0"]
[WhiteElo "2520"]
[BlackElo "2183"]
[PlyCount "83"]
[EventDate "2024.08.13"]
[EventType "swiss (blitz)"]
[EventRounds "11"]
[EventCountry "USA"]
[SourceTitle "EXT 2025"]
[Source "ChessBase"]
[SourceDate "2024.10.14"]
[SourceVersion "1"]
[SourceVersionDate "2024.10.14"]
[SourceQuality "1"]

1. d4 d5 2. c4 dxc4 3. Nf3 Nf6 4. e3 a6 5. Bxc4 b5 6. Be2 Bb7 7. a4 b4 8. Nbd2 e6 9. 0-0 Nbd7 10. Nc4 c5 11. Bd2 cxd4 12. Nxd4 Be7 13. Rc1 0-0 14. Nb3 a5 15. Bf3 Bxf3 16. Qxf3 Nc5 17. Nxc5 Bxc5 18. Rfd1 Qe7 19. e4 Rfd8 20. b3 Ra7 21. Bf4 h6 22. h3 Bd4 23. e5 Nh7 24. Nd6 Bc3 25. Nb5 Rad7 26. Rxd7 Qxd7 27. Nxc3 bxc3 28. Qxc3 Nf8 29. Qxa5 Ng6 30. Be3 Rb8 31. b4 Qb7 32. b5 Nh4 33. f3 Nf5 34. Bf2 Ra8 35. Qb4 Qd5 36. a5 Rd8 37. a6 Qxe5 38. a7 Ne3 39. Qe4 Qxe4 40. fxe4 Nd1 41. b6 Nxf2 42. Kxf2 1-0

[Event "Titled Tuesday intern op 13th Aug Early"]
[Site "Chess.com INT"]
[Date "2024.08.13"]
[Round "7"]
[White "Sabatier, Mathis"]
[Black "Leenhouts, Koen"]
[Result "1/2-1/2"]
[WhiteElo "2183"]
[BlackElo "2454"]
[PlyCount "66"]
[EventDate "2024.08.13"]
[EventType "swiss (blitz)"]
[EventRounds "11"]
[EventCountry "USA"]
[SourceTitle "EXT 2025"]
[Source "ChessBase"]
[SourceDate "2024.10.14"]
[SourceVersion "1"]
[SourceVersionDate "2024.10.14"]
[SourceQuality "1"]

1. d4 Nf6 2. Nf3 e6 3. g3 c5 4. Bg2 d5 5. 0-0 Nc6 6. c4 cxd4 7. Nxd4 Bc5 8. Nb3 Bb6 9. cxd5 exd5 10. Nc3 0-0 11. Nxd5 Nxd5 12. Qxd5 Bg4 13. Qe4 h5 14. e3 Re8 15. Qa4 Ne5 16. h3 Be2 17. Bd2 Nf3+ 18. Bxf3 Bxf3 19. Bc3 Re4 20. Qb5 h4 21. Qf5 hxg3 22. Qxf3 Qe7 23. Qxg3 f5 24. Nd2 Re6 25. Nc4 Bc7 26. f4 Qf7 27. Kh2 Rg6 28. Qh4 Qxc4 29. Rg1 Qe2+ 30. Kh1 Qf3+ 31. Kh2 Qe2+ 32. Kh1 Qf3+ 33. Kh2 Qe2+ 1/2-1/2

[Event "Titled Tuesday intern op 13th Aug Early"]
[Site "Chess.com INT"]
[Date "2024.08.13"]
[Round "10"]
[White "Vaglio Mattey, Emanuel"]
[Black "Sabatier, Mathis"]
[Result "1-0"]
[WhiteElo "2155"]
[BlackElo "2183"]
[PlyCount "101"]
[EventDate "2024.08.13"]
[EventType "swiss (blitz)"]
[EventRounds "11"]
[EventCountry "USA"]
[SourceTitle "EXT 2025"]
[Source "ChessBase"]
[SourceDate "2024.10.14"]
[SourceVersion "1"]
[SourceVersionDate "2024.10.14"]
[SourceQuality "1"]

1. d4 d5 2. c4 dxc4 3. e3 e5 4. Bxc4 exd4 5. exd4 Bd6 6. Nf3 Nf6 7. 0-0 0-0 8. h3 h6 9. Nc3 Nc6 10. Re1 Re8 11. Be3 Bf5 12. Qb3 Qd7 13. Bf1 Rab8 14. Rad1 Ne7 15. Ne5 Qc8 16. Qxf7+ Kh8 17. Qb3 Be6 18. Bc4 Bxc4 19. Qxc4 Bxe5 20. dxe5 Nfg8 21. Bxa7 Ra8 22. Bd4 Nf5 23. e6 Nge7 24. Be5 c6 25. Qf4 Rf8 26. Qg4 Ra5 27. Rd7 Rg8 28. b4 Ra3 29. Qh5 Qe8 30. Qg4 h5 31. Qg5 Qg6 32. Qxg6 Nxg6 33. Ne4 Nxe5 34. Rxb7 Re8 35. Ng5 Ng6 36. Rd1 Kg8 37. g3 Rxa2 38. h4 Raa8 39. Rdd7 Rad8 40. Rf7 Rf8 41. Ne4 Rxf7 42. exf7+ Kf8 43. Ng5 Rd1+ 44. Kg2 Nge7 45. Kf3 Rd8 46. Ne6+ Kxf7 47. Nxd8+ Ke8 48. Ne6 Kf7 49. Ng5+ Kg6 50. Kg2 Nd5 51. Rb8 1-0